000 00592nam a22001817a 4500
999 _c193695
_d193695
005 20221109164628.0
010 _aENG-135643
020 _a9789354272783
_c109.00
035 _aEN-119175
037 _bDBAD/PUB
082 _a921
100 _aGeevarghese, K.
245 _aFire paths/
_cby K. Geevarghese
260 _aDaryaganj
_bBluerose Publishers
_c2020
270 _a4233/1, First Floor, Main, Ansari Rd, near Allahabad Bank, Daryaganj
_bNew Delhi
_e110002
_k918882898898
_minfo@bluerosepublishers.com
300 _avi; 76p.
_c20cm(pbk)
942 _2ddc
_cEN
_mGEE
_h921